000
00221nam a22000857a 4500
008
170601b xxu||||| |||| 00| 0 eng d
100
_9
3205
_a
Agarwal. D
245
_a
The Treasury of Indian Tales
260
_a
New Delhi
_b
CBT
_c
2003
999
_c
6518
_d
6518